| 000 -LEADER |
| fixed length control field |
00899cam a22002654a 4500 |
| 003 - CONTROL NUMBER IDENTIFIER |
| control field |
OSt |
| 005 - DATE AND TIME OF LATEST TRANSACTION |
| control field |
20200316164323.0 |
| 008 - FIXED-LENGTH DATA ELEMENTS--GENERAL INFORMATION |
| fixed length control field |
100420s2011 nyua 001 0 eng |
| 020 ## - INTERNATIONAL STANDARD BOOK NUMBER |
| International Standard Book Number |
9781568989778 (alk. paper) |
| 040 ## - CATALOGING SOURCE |
| Original cataloging agency |
DLC |
| Transcribing agency |
DLC |
| Modifying agency |
DLC |
| 082 00 - DEWEY DECIMAL CLASSIFICATION NUMBER |
| Classification number |
711.4 |
| Edition number |
22 |
| Item number |
CUF |
| 245 00 - TITLE STATEMENT |
| Title |
Fast-forward urbanism : |
| Remainder of title |
rethinking architecture's engagement with the city / |
| Statement of responsibility, etc |
Dana Cuff and Roger Sherman, editors. |
| 246 30 - VARYING FORM OF TITLE |
| Title proper/short title |
Rethinking architecture's engagement with the city |
| 250 ## - EDITION STATEMENT |
| Edition statement |
1st ed. |
| 260 ## - PUBLICATION, DISTRIBUTION, ETC. (IMPRINT) |
| Place of publication, distribution, etc |
New York : |
| Name of publisher, distributor, etc |
Princeton Architectural Press, |
| Date of publication, distribution, etc |
c2011. |
| 300 ## - PHYSICAL DESCRIPTION |
| Extent |
288 p. : |
| Other physical details |
ill. (some col.) ; |
| Dimensions |
23 cm. |
| 500 ## - GENERAL NOTE |
| General note |
Includes index. |
| 650 #0 - SUBJECT ADDED ENTRY--TOPICAL TERM |
| Topical term or geographic name as entry element |
City planning |
| General subdivision |
Social aspects. |
| 650 #0 - SUBJECT ADDED ENTRY--TOPICAL TERM |
| Topical term or geographic name as entry element |
City planning |
| General subdivision |
Evaluation. |
| 650 #0 - SUBJECT ADDED ENTRY--TOPICAL TERM |
| Topical term or geographic name as entry element |
Architects and community. |
| 650 #0 - SUBJECT ADDED ENTRY--TOPICAL TERM |
| Topical term or geographic name as entry element |
Architecture and society. |
| 700 1# - ADDED ENTRY--PERSONAL NAME |
| Personal name |
Cuff, Dana, |
| Dates associated with a name |
1953- |
| 700 1# - ADDED ENTRY--PERSONAL NAME |
| Personal name |
Sherman, Roger, |
| Dates associated with a name |
1958- |
| 942 ## - ADDED ENTRY ELEMENTS (KOHA) |
| Source of classification or shelving scheme |
|